Grammaire expliquée du Français (Record no. 42379)

MARC details
000 -Etiqueta do registo
Valores 00489nam a2200169 4500
100 ## - Dados gerais de processamento
Dados gerais 20231124 pory50
101 ## - Língua de publicação
Língua fra
102 ## - País de publicação
País PT
200 ## - Titulo e menção de responsabilidade
Título próprio Grammaire expliquée du Français
Informação de outro título niveau intermédiaire
Primeira menção de responsabilidade Sylvie Poisson-Quiton ... [et al.]
210 ## - Publicação
Local de publicação Porto
Nome do editor Porto editora
Data de publicação 2005
215 ## - Descrição física 
Paginação / Volumes 430 p.
314 ## - Responsabilidade Intelectual
Texto da nota Sylvie Poisson-Quiton , Reine Mimran , Michèle Mahéo-Le Coadic
675 ## - CDU
Notação 821.133.1
801 ## - Fonte de origem
País PT
Regras de catalogação RPC
990 ## - Elementos KOHA
Tipo de documento Livro
Holdings
Aquisição Empréstimo Código de barras Cota Permissão de empréstimo Tipo de documento
Biblioteca Escolar Doutor Hernâni Cidade Biblioteca Escolar Doutor Hernâni Cidade 55453 811.133.1 AA.VV. LIT. FRANC.   Livro

Powered by Koha